000 00619nam a22001817a 4500
003 OSt
005 20251201105248.0
008 251201b |||||||| |||| 00| 0 eng d
020 _a1-84140-413-6.
040 _aDWCL-Main lib.
_cOC
082 _aCirc. 336.2 P946u 2003
100 _aPricewater house coopers LLP's UK Accounting Technical Department
245 _aUnderstanding IAS 18 :
_brevenue
_cPricewater house coopers LLP's UK Accounting Technical Department
260 _aLondon :
_bCCH,
_cc2003.
300 _aiv, 167 pages;
_c 21 centimeters.
650 _aTaxation.
942 _2ddc
_cBK-CIRC
_hCirc.
_n0
999 _c6638
_d6638